00342 2200145 4500001002100000005001500021035002000036245004900056100002000105300000800125260002900133082000800162084001400170990001200184INLIS00000000000217320250527122007 a0010-05250004651 aTegak Lurus dengan Langit /cIwan Simatupang0 aIwan Simatupang a158 aJakarta :bKompas,c2004 a813 a813 IWA t a0712516